Igényes filharmóniai hangverseny Szegeden
Elmentve itt :
| Szerzők: | |
|---|---|
| Dokumentumtípus: | Cikk |
| Megjelent: |
1957-04-30
|
| Sorozat: | Délmagyarország
2 No. 99 |
| Kulcsszavak: | Kulturális élet hangverseny Szeged 1957, zeneélet |
| Online Access: | http://dmarchiv.bibl.u-szeged.hu/76417 |
| LEADER | 00573nab a2200181 i 4500 | ||
|---|---|---|---|
| 001 | delm76417 | ||
| 005 | 20180928084351.0 | ||
| 008 | 180928s1957 hu o 0|| hun d | ||
| 040 | |a SZTE Délmagyarország Archívum |b hun | ||
| 041 | |a hun | ||
| 100 | 1 | |a Szatmári Géza | |
| 245 | 1 | 0 | |a Igényes filharmóniai hangverseny Szegeden |h [elektronikus dokumentum] / |c Szatmári Géza |
| 260 | |c 1957-04-30 | ||
| 300 | |a 2 | ||
| 490 | 0 | |a Délmagyarország |v 2 No. 99 | |
| 695 | |a Kulturális élet hangverseny Szeged 1957, zeneélet | ||
| 700 | 0 | 1 | |a Borbély Gyula |e aut |
| 700 | 0 | 1 | |a Kovács Dénes |e aut |